Normal view
MARC view
- Bancks & Co.
Entry Corporate Name
001 - CONTROL NUMBER
- control field: 6069
003 - CONTROL NUMBER IDENTIFIER
- control field: OSt
005 - DATE AND TIME OF LATEST TRANSACTION
- control field: 20190806150249.0
008 - FIXED-LENGTH DATA ELEMENTS
- fixed length control field: 120514n| acannaabn |n ana d
040 ## - CATALOGING SOURCE
- Original cataloging agency: OSt
- Transcribing agency: OSt
110 2# - HEADING--CORPORATE NAME
- Corporate name or jurisdiction name as entry element: Bancks & Co.
670 ## - SOURCE DATA FOUND
- Source citation: Bancks & Co.'s plan of Manchester & Salford, with their environs, 1832
- Information found: t.p. (from an actual survey by Richard Thornton,...the survey completed in the year 1831)